HIGHER SECONDARY CHEMISTRY (P-1) (Record no. 8050)
[ view plain ]
| 000 -LEADER | |
|---|---|
| fixed length control field | 00467cam a2200193ua 4500 |
| 008 - FIXED-LENGTH DATA ELEMENTS--GENERAL INFORMATION | |
| fixed length control field | 160630n1998 II |||gr||||Z||||||eng |
| 040 ## - CATALOGING SOURCE | |
| Original cataloging agency | MAIN |
| 041 ## - LANGUAGE CODE | |
| -- | English |
| 082 ## - DEWEY DECIMAL CLASSIFICATION NUMBER | |
| Classification number | 540 POD |
| 100 ## - MAIN ENTRY--PERSONAL NAME | |
| Personal name | PODDAR, S. P. |
| 245 ## - TITLE STATEMENT | |
| Title | HIGHER SECONDARY CHEMISTRY (P-1) |
| 250 ## - EDITION STATEMENT | |
| Edition statement | 1ST. |
| 260 ## - PUBLICATION, DISTRIBUTION, ETC. | |
| Place of publication, distribution, etc. | KOLKATA |
| Name of publisher, distributor, etc. | BOOK SYNDICATE |
| Date of publication, distribution, etc. | 1998 |
| 300 ## - PHYSICAL DESCRIPTION | |
| Extent | 656: |
| Dimensions | 24CM. |
| 700 ## - ADDED ENTRY--PERSONAL NAME | |
| Personal name | PODDAR, S. P., |
| Relator term | Author. |
| 942 ## - ADDED ENTRY ELEMENTS (KOHA) | |
| Koha item type | Books |
| 653 ## - INDEX TERM--UNCONTROLLED | |
| Uncontrolled term | Chemistry & allied sciences |
| Withdrawn status | Lost status | Damaged status | Not for loan | Collection code | Home library | Current library | Shelving location | Date acquired | Full call number | Barcode | Date last seen | Copy number | Price effective from | Koha item type |
|---|---|---|---|---|---|---|---|---|---|---|---|---|---|---|
| Withdrawn | TBCHE | Central Library and Information Centre Sibsagar Girls College | Central Library and Information Centre Sibsagar Girls College | Chemistry Rack | 23.06.1998 | 540 POD | 15415 | 27.02.2020 | 1 | 27.02.2020 | Books | |||
| Withdrawn | TBCHE | Central Library and Information Centre Sibsagar Girls College | Central Library and Information Centre Sibsagar Girls College | Chemistry Rack | 23.06.1998 | 540 POD | 15416 | 27.02.2020 | 2 | 27.02.2020 | Books | |||
| Withdrawn | TBCHE | Central Library and Information Centre Sibsagar Girls College | Central Library and Information Centre Sibsagar Girls College | Chemistry Rack | 23.06.1998 | 540 POD | 15417 | 27.02.2020 | 3 | 27.02.2020 | Books |